| 000 | 00840nam a2200241 i 4500 | ||
|---|---|---|---|
| 001 | 107768 | ||
| 003 | ES-MaACL | ||
| 005 | 20250829112024.0 | ||
| 007 | t| | ||
| 008 | 061121s1973 mx |||| | spa d | ||
| 100 | 1 |
_aMotolinía, Toribio de. _983830 |
|
| 245 | 1 | 0 |
_aHistoria de los indios de la Nueva España / _cFray Toribio de Benavente o Motolinia ; estudio crítico, notas e índice de Edmundo O'Gorman. |
| 250 | _a2ª ed. | ||
| 260 |
_aMéxico : _bPorrúa, _c1973. |
||
| 300 |
_aXLII, 256 p. ; _c22 cm. |
||
| 490 | 1 |
_aSepan cuantos... ; _v129 |
|
| 610 | 2 | 4 |
_aFranciscanos- _zMéxico- _vHistoria- _vFuentes. _9158204 |
| 650 | 4 |
_aIndios de México- _xHistoria- _yS.XVI. _9168666 |
|
| 700 | 1 |
_aO'Gorman, Edmundo. _986329 |
|
| 830 | 0 | 0 |
_aSepan cuantos_ _v129 _9180801 |
| 852 |
_aES-MaACL _jE-9392 |
||
| 999 |
_c107768 _d107768 |
||